000 00631nam a22002177a 4500
005 20251108172717.0
008 250721s2003 xx 000 0 ara d
082 1 4 _a616.12/علا
100 1 _aكاستيلي، وليام
_eمحرر
245 1 0 _aعلاجات الكوليسترول /
264 1 _aبيروت :
_bالدار العربية للعلوم،
_c2003.
300 _a327ص
650 1 7 _aالأمراض
650 1 7 _aأمراض القلب
650 1 7 _aالكوليسترول
650 1 7 _aأمراض الأوعية
650 1 7 _aالصحة
650 1 7 _aالأعذية
942 _2ddc
_cBK
999 _c86548
_d86548